Nuevos Enfoques, viejos problemas: reflexión crítica sobre la nueva historia /

Guardado en:
書目詳細資料
主要作者: García, Gervasio Luis
Autores Corporativos: CEREP, Centro de Estudios de la Realidad Puertorriqueña
格式: Texto
出版: San Juan: CEREP
標簽: 添加標簽
沒有標簽, 成為第一個標記此記錄!

MARC

LEADER 00000 a a2200000 04500
001 23580
003
040
090 |a 164900  
100 |a García, Gervasio Luis  
110 |a CEREP  
245 |a Nuevos Enfoques, viejos problemas: reflexión crítica sobre la nueva historia /  |c CEREP  
260 |a San Juan:   |b CEREP  
300 |a 18 p  
710 |a Centro de Estudios de la Realidad Puertorriqueña  
999 |c 10574  |d 10574